[Event "10th LCC FIDE Open 2018"]
[Site "London"]
[Date "2018.12.15"]
[Round "7"]
[White "Seymour, Timothy P"]
[Black "Venkataramanan, T.S."]
[Result "1-0"]
[WhiteElo "2080"]
[BlackElo "2253"]
[Annotator "NA"]
[PlyCount "75"]
[EventDate "2018.12.09"]
[EventType "swiss"]
[EventCountry "ENG"]
[SourceTitle "playchess.com"]
[Source "ChessBase"]
[SourceQuality "1"]
[TimeControl "40/5400+30:1800+30"]

1. Nf3 {[%emt 0:00:00]} d5 {[%emt 0:00:38]} 2. e3 {[%emt 0:00:00]} Nf6 {[%emt 0:00:58]} 3. c4 {[%emt 0:00:00]} e6 {[%emt 0:00:40]} 4. b3 {[%emt 0:00:00]} a5 {[%emt 0:00:17] A13: English Opening: 1...e6} 5. Nc3 {[%emt 0:03:43]} Be7 {[%emt 0:03:04]} 6. Bb2 {[%emt 0:00:40]} O-O {[%emt 0:00:32]} 7. d4 {[%emt 0:02:28]} c5 $146 {[%emt 0:03:58]} ({Predecessor:} 7... b6 8. Bd3 Bb7 9. O-O Nbd7 10. cxd5 exd5 {1-0 (43) Naiditsch,A (2705)-Michalik,P (2557) Dubai 2014}) 8. cxd5 {[%emt 0:21:40]} exd5 {[%emt 0:00:37]} 9. Be2 {[%emt 0:02:47]} b6 {[%emt 0:01:21]} 10. O-O {[%emt 0:00:44]} Bb7 {[%emt 0:00:15]} 11. Rc1 {[%emt 0:06:17]} Nbd7 {[%emt 0:00:21]} 12. Bd3 {[%emt 0:01:20]} Rc8 {[%emt 0:01:02]} 13. Bf5 {[%emt 0:06:19]} Bd6 {[%emt 0:10:26]} 14. Nb5 {[%emt 0:10:37]} Bb8 {[%emt 0:00:33]} 15. dxc5 {[%emt 0:00:51]} Rxc5 {[%emt 0:03:53]} 16. Nc3 {[%emt 0:08:41]} Re8 {[%emt 0:15:03]} 17. Qd2 {[%emt 0:00:57]} Ne5 {[%emt 0:03:42]} 18. Nxe5 {[%emt 0:01:01]} Rxe5 {[%emt 0:01:16]} 19. Bh3 {[%emt 0:04:33]} Rh5 {[%emt 0:03:18]} 20. Ba3 $17 {[%emt 0:13:06]} (20. f4 $11) 20... Rxc3 {[%emt 0:05:21]} 21. Qxc3 {[%emt 0:05:36]} Ne4 {[%emt 0:00:29]} 22. Qd4 {[%emt 0:00:40]} Be5 {[%emt 0:28:21]} 23. Qd1 {[%emt 0:00:02]} Rxh3 {[%emt 0:01:40]} 24. gxh3 {[%emt 0:00:12]} Ng5 {[%emt 0:00:44]} 25. Qg4 {[%emt 0:01:33]} h5 {[%emt 0:01:54]} 26. Qxh5 {[%emt 0:01:59]} d4 {[%emt 0:02:56]} 27. f4 {[%emt 0:02:07]} Qd5 {[%emt 0:01:56]} 28. Rc8+ {[%emt 0:01:35]} Bxc8 {[%emt 0:00:44]} 29. Qxg5 {[%emt 0:00:03]} Bb7 {[%emt 0:04:34]} 30. fxe5 {[%emt 0:00:09]} dxe3 {[%emt 0:00:57]} 31. Rf3 {[%emt 0:01:11]} e2 {[%emt 0:01:15]} 32. Re3 {[%emt 0:02:47]} Qh1+ {[%emt 0:02:11]} 33. Kf2 {[%emt 0:00:01]} Qxh2+ {[%emt 0:00:37]} 34. Ke1 {[%emt 0:00:05]} Qh1+ {[%emt 0:00:09]} 35. Kxe2 {[%emt 0:00:26]} Qh2+ {[%emt 0:00:24]} 36. Ke1 {[%emt 0:00:45]} Qxa2 {[%emt 0:00:27]} 37. Rd3 {[%emt 0:01:16]} Qb1+ {[%emt 0:01:07]} 38. Kd2 {[%emt 0:00:09]} 1-0

[Event "10th LCC FIDE Open 2018"]
[Site "London"]
[Date "2018.12.15"]
[Round "7"]
[White "Price, Gwilym"]
[Black "Keetman, Maaike"]
[Result "1/2-1/2"]
[WhiteElo "2075"]
[BlackElo "2173"]
[Annotator "NA"]
[PlyCount "85"]
[EventDate "2018.12.09"]
[EventType "swiss"]
[EventCountry "ENG"]
[SourceTitle "playchess.com"]
[Source "ChessBase"]
[SourceQuality "1"]
[TimeControl "40/5400+30:1800+30"]

1. e4 {[%emt 0:00:00]} e6 {[%emt 0:00:00]} 2. d4 {[%emt 0:00:00]} d5 {[%emt 0:00:00]} 3. Nd2 {[%emt 0:00:00]} Be7 {[%emt 0:00:00]} 4. Ngf3 {[%emt 0:00:00]} Nf6 {[%emt 0:00:00]} 5. e5 {[%emt 0:00:02]} Nfd7 {[%emt 0:00:04]} 6. Bd3 {[%emt 0:00:16]} c5 {[%emt 0:00:08]} 7. c3 {[%emt 0:00:03]} Nc6 {[%emt 0:00:05]} 8. O-O {[%emt 0:00:14]} a5 {[%emt 0:00:05]} 9. Re1 {[%emt 0:05:05]} cxd4 {[%emt 0:01:13]} 10. cxd4 {[%emt 0:00:08]} Qb6 {[%emt 0:00:04]} 11. Nb1 {[%emt 0:05:35]} Nxd4 {[%emt 0:00:54]} 12. Nxd4 {[%emt 0:00:21]} Qxd4 {[%emt 0:00:07]} 13. Nc3 {[%emt 0:00:20]} Qb6 {[%emt 0:04:17]} 14. Qg4 {[%emt 0:02:15]} Bf8 {[%emt 0:08:17]} 15. Be3 {[%emt 0:09:05]} Qd8 {[%emt 0:02:11]} 16. Bd4 {[%emt 0:01:45]} g6 {[%emt 0:04:50]} 17. h4 {[%emt 0:17:33]} Nc5 {[%emt 0:10:45]} 18. Bb5+ {[%emt 0:07:52]} Bd7 {[%emt 0:00:34]} 19. Nxd5 {[%emt 0:00:23]} exd5 {[%emt 0:15:34]} 20. e6 {[%emt 0:10:28]} fxe6 {[%emt 0:04:19]} 21. Bxd7+ {[%emt 0:01:02]} Qxd7 {[%emt 0:00:45]} 22. Bxh8 {[%emt 0:00:14]} O-O-O {[%emt 0:00:16]} 23. Be5 {[%emt 0:03:26]} Bh6 {[%emt 0:02:27]} 24. Qd4 {[%emt 0:03:02]} b6 {[%emt 0:01:19]} 25. b4 {[%emt 0:05:06]} axb4 {[%emt 0:01:44]} 26. Qxb4 {[%emt 0:00:50]} Kb7 {[%emt 0:00:21]} 27. Rab1 {[%emt 0:01:53]} Qc6 {[%emt 0:02:53]} 28. Bd4 {[%emt 0:04:58]} Bf8 {[%emt 0:02:28]} 29. Bxc5 {[%emt 0:00:53]} Bxc5 {[%emt 0:00:40]} 30. Qg4 {[%emt 0:00:48]} Re8 {[%emt 0:07:48]} 31. Rbd1 {[%emt 0:02:32]} e5 {[%emt 0:02:53]} 32. Qg5 {[%emt 0:01:05]} Bd4 {[%emt 0:03:37]} 33. Rxd4 {[%emt 0:01:31]} exd4 {[%emt 0:00:27]} 34. Rxe8 {[%emt 0:00:06]} Qxe8 {[%emt 0:00:04]} 35. Qxd5+ {[%emt 0:00:05]} Ka6 {[%emt 0:02:32]} 36. Qxd4 {[%emt 0:00:12]} Qe1+ {[%emt 0:05:07]} 37. Kh2 {[%emt 0:00:02]} Qe2 {[%emt 0:00:09]} 38. Qa4+ {[%emt 0:02:21]} Kb7 {[%emt 0:00:07]} 39. Qd7+ {[%emt 0:00:03]} Ka6 {[%emt 0:00:18]} 40. Qa4+ {[%emt 0:00:04]} Kb7 {[%emt 0:00:03]} 41. Qd7+ {[%emt 0:30:04]} Ka6 {[%emt 0:30:01]} 42. Qf7 Qe4 {[%emt 0:00:30]} 43. Qxh7 1/2-1/2

[Event "10th LCC FIDE Open 2018"]
[Site "London"]
[Date "2018.12.15"]
[Round "7"]
[White "Davison, Chris"]
[Black "Rocco, Federico"]
[Result "0-1"]
[WhiteElo "2068"]
[BlackElo "2244"]
[Annotator "NA"]
[PlyCount "174"]
[EventDate "2018.12.09"]
[EventType "swiss"]
[EventCountry "ENG"]
[SourceTitle "playchess.com"]
[Source "ChessBase"]
[SourceQuality "1"]
[TimeControl "40/5400+30:1800+30"]

1. Nf3 {[%emt 0:09:49]} c5 {[%emt 0:10:01]} 2. c4 {[%emt 0:00:12]} g6 {[%emt 0:00:08]} 3. g3 {[%emt 0:00:06]} Bg7 {[%emt 0:00:06]} 4. Bg2 {[%emt 0:00:04]} Nc6 {[%emt 0:00:09]} 5. Nc3 {[%emt 0:00:22]} e6 {[%emt 0:00:10]} 6. e3 {[%emt 0:00:46]} Nge7 {[%emt 0:00:20]} 7. O-O {[%emt 0:00:23]} O-O {[%emt 0:00:15]} 8. d4 {[%emt 0:01:52]} cxd4 {[%emt 0:00:24]} 9. exd4 {[%emt 0:00:07]} d5 {[%emt 0:00:05]} 10. cxd5 {[%emt 0:02:25]} Nxd5 {[%emt 0:00:13]} 11. Nxd5 {[%emt 0:01:50]} exd5 {[%emt 0:05:46]} 12. Be3 {[%emt 0:03:12] A37: Symmetrical English vs ...g6: 4 Bg2 Bg7 5 Nf3} Qb6 {[%emt 0:01:46]} (12... Be6 13. Qd2 Qd7 14. Bh6 Bxh6 15. Qxh6 f6 16. Qd2 Rfe8 17. Rac1 Bh3 18. Bxh3 Qxh3 19. b4 a6 {½-½ (46) Vastrukhin,O (2398)-Pridorozhni,A (2571) Taganrog 2018}) 13. Qd2 {[%emt 0:01:42]} Bf5 {[%emt 0:02:15]} 14. Nh4 $146 {[%emt 0:05:50]} ({Predecessor:} 14. Rac1 Be4 15. Ne5 Bxg2 16. Kxg2 Rad8 17. Nxc6 bxc6 18. Rc5 Rfe8 19. Rfc1 Rd6 {1-0 (66) Popovic,M (2020)-Genzling,A (2095) Elsass 2004}) 14... Be6 {[%emt 0:00:31]} 15. Rfd1 {[%emt 0:02:31]} Rac8 {[%emt 0:00:40]} 16. Rac1 {[%emt 0:00:54]} a5 {[%emt 0:08:29]} 17. Rc5 {[%emt 0:03:32]} Rfd8 {[%emt 0:05:21]} 18. Rdc1 {[%emt 0:00:53]} Qb4 {[%emt 0:13:19]} 19. Nf3 {[%emt 0:12:30]} Qxd2 {[%emt 0:01:11]} 20. Bxd2 {[%emt 0:00:07]} Nxd4 {[%emt 0:09:42]} 21. Rxc8 {[%emt 0:01:53]} Bxc8 {[%emt 0:06:00]} 22. Nxd4 $11 {[%emt 0:00:46]} Bxd4 {[%emt 0:00:12]} 23. Bxa5 {[%emt 0:03:45]} b6 {[%emt 0:05:41]} 24. Rd1 {[%emt 0:03:07]} Bc5 {[%emt 0:03:07]} 25. Bc3 {[%emt 0:01:12]} d4 {[%emt 0:05:14]} 26. b4 {[%emt 0:03:29]} Bg4 {[%emt 0:01:26]} 27. Rd3 {[%emt 0:03:52]} Re8 {[%emt 0:06:33]} 28. Bd2 {[%emt 0:00:38]} Bf5 {[%emt 0:00:37]} 29. bxc5 {[%emt 0:05:24]} Bxd3 {[%emt 0:01:56]} 30. cxb6 {[%emt 0:00:05]} Ba6 {[%emt 0:04:18]} 31. b7 {[%emt 0:01:53]} d3 {[%emt 0:01:03]} 32. Bf3 {[%emt 0:02:34]} Bxb7 {[%emt 0:00:52]} 33. Bxb7 {[%emt 0:00:18]} Re2 {[%emt 0:00:06]} 34. Bc3 {[%emt 0:01:44]} d2 {[%emt 0:00:07]} 35. Bxd2 {[%emt 0:00:03]} Rxd2 {[%emt 0:00:08]} 36. a4 {[%emt 0:00:16]} Ra2 {[%emt 0:00:03]} 37. Bc6 {[%emt 0:00:07]} Kg7 {[%emt 0:00:02]} 38. Kg2 {[%emt 0:00:43]} Kf6 {[%emt 0:00:17]} 39. Kf3 {[%emt 0:00:47]} Ke5 {[%emt 0:00:05]} 40. h4 {[%emt 0:01:44]} f5 {[%emt 0:00:06]} 41. Ke3 {[%emt 0:32:06]} Ra3+ {[%emt 0:30:13]} 42. Ke2 {[%emt 0:00:48]} Kd4 {[%emt 0:00:05]} 43. Be8 {[%emt 0:01:00]} f4 {[%emt 0:00:25]} 44. gxf4 {[%emt 0:01:14]} Ke4 {[%emt 0:00:05]} 45. h5 {[%emt 0:05:59]} Ra2+ {[%emt 0:00:05]} 46. Kf1 {[%emt 0:00:08]} gxh5 {[%emt 0:00:06]} 47. Bxh5 {[%emt 0:01:10]} Rxa4 {[%emt 0:00:07]} 48. Kg2 {[%emt 0:01:00]} Kxf4 {[%emt 0:00:03]} 49. Bd1 {[%emt 0:00:48]} Ra5 {[%emt 0:00:07]} 50. Bc2 {[%emt 0:02:01]} Rg5+ {[%emt 0:00:26]} 51. Kh3 {[%emt 0:01:28]} Rc5 {[%emt 0:01:05]} 52. Bd1 {[%emt 0:00:57]} Rc1 {[%emt 0:00:10]} 53. Ba4 {[%emt 0:00:53]} Kf3 {[%emt 0:00:14]} 54. Kh2 {[%emt 0:00:40]} Kxf2 {[%emt 0:00:04]} 55. Be8 {[%emt 0:00:45]} Rc8 {[%emt 0:01:31]} 56. Bd7 {[%emt 0:00:12]} Rc7 {[%emt 0:00:10]} 57. Bb5 {[%emt 0:01:21]} Rc5 {[%emt 0:00:06]} 58. Be8 {[%emt 0:00:03]} Kf3 {[%emt 0:01:02]} 59. Kh3 {[%emt 0:00:14]} Kf4 {[%emt 0:00:28]} 60. Bd7 {[%emt 0:01:02]} Kg5 {[%emt 0:00:22]} 61. Ba4 {[%emt 0:01:38]} Rc3+ {[%emt 0:00:08]} 62. Kg2 {[%emt 0:00:05]} h5 {[%emt 0:00:02]} 63. Bd7 {[%emt 0:00:13]} h4 {[%emt 0:00:07]} 64. Kh2 {[%emt 0:00:16]} Kf4 {[%emt 0:02:00]} 65. Be6 {[%emt 0:00:34]} Rg3 {[%emt 0:00:26]} 66. Bd7 {[%emt 0:00:37]} Ke3 {[%emt 0:01:28]} 67. Be6 {[%emt 0:00:13]} Kf2 {[%emt 0:00:07]} 68. Bd5 {[%emt 0:00:07]} h3 {[%emt 0:00:29]} 69. Be6 {[%emt 0:00:11]} Re3 {[%emt 0:03:31]} 70. Bd7 {[%emt 0:01:00]} Re7 {[%emt 0:01:01]} 71. Bf5 {[%emt 0:01:17]} Re5 {[%emt 0:01:11]} 72. Bg4 {[%emt 0:00:22]} Re8 {[%emt 0:00:07]} 73. Bd7 {[%emt 0:00:27]} Rh8 {[%emt 0:00:08]} 74. Bg4 {[%emt 0:01:14]} Ke3 {[%emt 0:01:08]} 75. Be6 {[%emt 0:00:54]} Kf4 {[%emt 0:00:35]} 76. Bd7 {[%emt 0:00:23]} Rd8 {[%emt 0:04:50]} 77. Be6 {[%emt 0:01:45]} Rd3 {[%emt 0:00:22]} 78. Bc8 {[%emt 0:00:30]} Rc3 {[%emt 0:01:24]} 79. Be6 {[%emt 0:00:45]} Rf3 {[%emt 0:02:38]} 80. Bc8 {[%emt 0:01:10]} Kg5 {[%emt 0:00:49]} 81. Bxh3 {[%emt 0:06:50]} Kh4 {[%emt 0:00:05]} 82. Bg2 {[%emt 0:00:32]} Rf2 {[%emt 0:00:06]} 83. Kg1 {[%emt 0:00:03]} Kg3 {[%emt 0:00:04]} 84. Bb7 {[%emt 0:00:22]} Rb2 {[%emt 0:00:10]} 85. Be4 {[%emt 0:00:15]} Re2 {[%emt 0:00:05]} 86. Bd3 {[%emt 0:00:06]} Re1+ {[%emt 0:00:05]} 87. Bf1 {[%emt 0:00:03]} Rd1 {[%emt 0:00:05]} 0-1

[Event "10th LCC FIDE Open 2018"]
[Site "London"]
[Date "2018.12.15"]
[Round "7"]
[White "Coote, Trevor D"]
[Black "Wells, Peter K"]
[Result "0-1"]
[WhiteElo "2057"]
[BlackElo "2412"]
[Annotator "TA"]
[PlyCount "76"]
[EventDate "2018.12.09"]
[EventType "swiss"]
[EventCountry "ENG"]
[SourceTitle "playchess.com"]
[Source "ChessBase"]
[SourceQuality "1"]

{[%evp 11,76,4,7,-11,1,0,0,-17,-14,-49,-49,-75,-66,-63,-62,-81,-68,-62,-33,-144,-143,-140,-132,-168,-164,-211,-202,-282,-283,-288,-293,-278,-265,-570,-524,-590,-563,-591,-568,-689,-725,-569,-436,-634,-658,-767,-766,-1021,-1020,-1650,-1231,-1206,-1228,-29973,-29975,-5094,-29977,-29976,-29977,-29961,-29963,-29993,-29994,-29994,-29995,-29998,-29999]} 1. Nf3 d5 2. e3 Nf6 3. b3 Bg4 4. h3 (4. Bb2 e6 5. h3 Bh5 6. d3 Nbd7 7. Nbd2 Bd6 8. g4 Bg6 9. Nh4 e5 10. a3 c6 11. Bg2 Qe7 12. Qe2 a5 13. c4 Nc5 14. Nxg6 hxg6 15. cxd5 Nxd5 {½-½ (52) Vidit,S (2718)-Andriasian,Z (2591) chess.com INT 2018}) 4... Bxf3 5. Qxf3 e5 6. Bb2 {A06: Réti Opening:1 Nf3 d5} Bd6 {LiveBook: 5 Games} 7. d3 Qe7 $146 ({Predecessor:} 7... Nc6 8. Nd2 Qe7 9. a3 O-O-O 10. g3 Kb8 11. Bg2 {1-0 (62) Dumansky,Y-Burlai,O Simferopol 1991}) 8. a3 {The position is equal.} Nbd7 9. Nd2 c6 10. c4 O-O 11. e4 b5 12. Be2 {[%cal Rc4d5]} bxc4 13. dxc4 {[%cal Re4d5]} d4 14. b4 $1 Rab8 15. O-O {[#]} ({White should try} 15. Bc1 $15) 15... a5 $1 $17 {[%mdl 512]} 16. b5 (16. bxa5 Rxb2) 16... a4 17. Rab1 Nc5 18. g4 Bc7 19. g5 Ne8 20. Qg4 Nd6 21. f4 {intending fxe5.} Ndxe4 ({Don't do} 21... cxb5 22. fxe5 Qxe5 23. Nf3 $19) 22. Nf3 $2 (22. Nxe4 {is a better chance.} Nxe4 23. Rbe1) 22... f5 23. Qg2 cxb5 24. cxb5 d3 25. Bxe5 dxe2 26. Qxe2 Rfc8 27. Rfc1 (27. Bxc7 $142 Qxc7 28. Qc4+ Kh8 29. Ne5 Nxg5 30. Rfc1) 27... Ne6 $19 {White must now prevent ...Bxe5.} 28. Bxc7 Rxc7 29. Rxc7 Qxc7 30. g6 Qxf4 31. gxh7+ Kxh7 32. b6 N6g5 33. Nxg5+ Qxg5+ 34. Qg2 {Black mates.} Qe3+ 35. Kh1 Rxb6 36. Rg1 Nf2+ 37. Kh2 {[#]} Ng4+ $1 38. hxg4 Rh6+ {Accuracy: White = 21%, Black = 79%.} 0-1

[Event "10th LCC FIDE Open 2018"]
[Site "London"]
[Date "2018.12.15"]
[Round "7"]
[White "Marentini, Marcel"]
[Black "Cherniaev, Alexander"]
[Result "0-1"]
[WhiteElo "2030"]
[BlackElo "2393"]
[Annotator "NA"]
[PlyCount "103"]
[EventDate "2018.12.09"]
[EventType "swiss"]
[EventCountry "ENG"]
[SourceTitle "playchess.com"]
[Source "ChessBase"]
[SourceQuality "1"]
[TimeControl "40/5400+30:1800+30"]

1. Nf3 {[%emt 0:00:00]} d5 {[%emt 0:02:35]} 2. g3 {[%emt 0:00:00]} Nc6 {[%emt 0:00:15]} 3. c4 {[%emt 0:00:34] A07: Réti Opening: New York and Capablanca Systems} (3. d4 Bf5 4. Bg2 e6 5. O-O Nb4 6. Na3 c6 7. c3 Na6 8. Qb3 Qc8 9. Nh4 Be4 10. f3 Bg6 11. Nxg6 hxg6 12. e4 Nf6 13. e5 Nd7 14. f4 {1-0 (51) Grischuk,A (2766)-Duda,J (2737) chess.com INT 2018}) 3... e6 {[%emt 0:00:44]} 4. Bg2 {[%emt 0:00:23]} g6 {[%emt 0:00:03]} 5. O-O {[%emt 0:00:47]} Bg7 {[%emt 0:00:02]} 6. d3 {[%emt 0:00:54]} Nge7 {[%emt 0:00:11]} 7. Na3 {[%emt 0:02:16]} O-O {[%emt 0:00:20]} 8. Rb1 {[%emt 0:00:10]} a5 {[%emt 0:05:01]} 9. Nc2 $146 {[%emt 0:04:08]} ({Predecessor:} 9. Nb5 h6 10. cxd5 Nxd5 11. Bd2 e5 12. Nc3 Be6 13. Ne4 g5 14. h3 {½-½ (54) Carlstedt,J (2409)-Fries Nielsen,J (2430) Hamburg 2011}) 9... h6 {[%emt 0:10:33]} 10. e3 {[%emt 0:08:49]} dxc4 {[%emt 0:18:53]} 11. dxc4 {[%emt 0:00:12]} e5 {[%emt 0:00:27]} 12. Qe2 {[%emt 0:06:28]} f5 {[%emt 0:02:29]} 13. b3 {[%emt 0:04:37]} g5 {[%emt 0:07:53]} 14. Ba3 {[%emt 0:05:46]} Qe8 {[%emt 0:00:59]} 15. Nd2 {[%emt 0:00:27]} g4 {[%emt 0:03:50]} 16. f3 {[%emt 0:02:22]} h5 {[%emt 0:00:06]} 17. fxg4 {[%emt 0:10:57]} hxg4 {[%emt 0:00:11]} 18. Rbd1 {[%emt 0:00:03]} Ra6 {[%emt 0:08:16]} 19. h3 {[%emt 0:06:44]} gxh3 {[%emt 0:00:09]} 20. Bxh3 {[%emt 0:00:06]} e4 {[%emt 0:11:00]} 21. Rf2 {[%emt 0:05:03]} Ne5 {[%emt 0:03:40]} 22. Ne1 {[%emt 0:01:29]} Rg6 {[%emt 0:04:06]} 23. Nf1 {[%emt 0:00:55]} Rg5 {[%emt 0:01:53]} 24. Bb2 {[%emt 0:06:45]} N7c6 {[%emt 0:00:19]} 25. Ng2 {[%emt 0:04:48]} Nd3 {[%emt 0:04:43]} 26. Rxd3 {[%emt 0:02:40]} exd3 {[%emt 0:00:03]} 27. Qxd3 {[%emt 0:00:19]} Bxb2 {[%emt 0:00:32]} 28. Rxb2 {[%emt 0:00:06]} Qe5 {[%emt 0:00:39]} 29. Qd5+ {[%emt 0:01:58]} Be6 {[%emt 0:02:03]} 30. Qxe5 {[%emt 0:01:33]} Nxe5 {[%emt 0:00:02]} 31. Nf4 {[%emt 0:00:38]} Bf7 {[%emt 0:00:13]} 32. Bg2 {[%emt 0:01:38]} c6 {[%emt 0:00:43]} 33. Rd2 {[%emt 0:00:10]} Re8 {[%emt 0:00:20]} 34. Rd6 {[%emt 0:01:44]} Kf8 {[%emt 0:03:57]} 35. c5 $17 {[%emt 0:08:11]} a4 {[%emt 0:02:53]} 36. Rd4 {[%emt 0:00:09]} axb3 {[%emt 0:02:15]} 37. axb3 {[%emt 0:00:01]} Ra8 {[%emt 0:00:08]} 38. Rb4 {[%emt 0:01:17]} Ra7 {[%emt 0:00:27]} 39. Kf2 {[%emt 0:01:37]} Ke7 {[%emt 0:01:20]} 40. Ke1 {[%emt 0:01:01]} Rg8 {[%emt 0:01:22]} 41. Kd2 {[%emt 0:30:40]} Nd7 {[%emt 0:30:29]} 42. Bh3 {[%emt 0:00:32]} Nxc5 {[%emt 0:00:26]} 43. Bxf5 {[%emt 0:00:20]} Nxb3+ {[%emt 0:01:01]} 44. Kc3 {[%emt 0:00:17]} Nc5 {[%emt 0:00:20]} 45. g4 {[%emt 0:00:18]} b5 {[%emt 0:03:03]} 46. Ng3 {[%emt 0:00:37]} Ra3+ {[%emt 0:00:00]} 47. Kd2 {[%emt 0:00:00]} Ra2+ {[%emt 0:00:00]} 48. Kc3 {[%emt 0:00:00]} Na4+ {[%emt 0:00:00]} 49. Kd3 {[%emt 0:00:00]} c5 {[%emt 0:00:00]} 50. Re4+ {[%emt 0:00:00]} Kd6 {[%emt 0:00:00]} 51. Be6 {[%emt 0:00:00]} c4+ {[%emt 0:00:00]} 52. Kd4 {[%emt 0:01:16] Ke5+} 0-1

[Event "10th LCC FIDE Open 2018"]
[Site "London"]
[Date "2018.12.15"]
[Round "7"]
[White "Kromhout, Ewan"]
[Black "Roe, Simon J"]
[Result "1/2-1/2"]
[WhiteElo "2019"]
[BlackElo "2223"]
[Annotator "NA"]
[PlyCount "92"]
[EventDate "2018.12.09"]
[EventType "swiss"]
[EventCountry "ENG"]
[SourceTitle "playchess.com"]
[Source "ChessBase"]
[SourceQuality "1"]
[TimeControl "40/5400+30:1800+30"]

1. d4 {[%emt 0:00:00]} Nf6 {[%emt 0:00:00]} 2. Nf3 {[%emt 0:00:00]} d5 {[%emt 0:00:04]} 3. e3 {[%emt 0:00:00]} e6 {[%emt 0:01:28]} 4. Bd3 {[%emt 0:00:29]} c5 {[%emt 0:01:52]} 5. c3 {[%emt 0:00:06]} Nbd7 {[%emt 0:05:40]} 6. Nbd2 {[%emt 0:00:16]} g6 {[%emt 0:00:25]} 7. O-O {[%emt 0:04:30]} Bg7 {[%emt 0:00:13]} 8. e4 {[%emt 0:07:02]} dxe4 {[%emt 0:08:03]} 9. Nxe4 {[%emt 0:02:50]} Nxe4 {[%emt 0:00:06]} 10. Bxe4 {[%emt 0:00:14]} O-O {[%emt 0:00:48]} 11. Bg5 {[%emt 0:23:11]} Qb6 {[%emt 0:02:33]} 12. Qd2 {[%emt 0:07:11]} cxd4 {[%emt 0:03:46]} 13. cxd4 {[%emt 0:04:57]} Nf6 {[%emt 0:03:55]} 14. Rfe1 {[%emt 0:07:09]} Bd7 $11 {[%emt 0:13:33]} 15. Bc2 {[%emt 0:06:34]} Rac8 {[%emt 0:15:15]} 16. Bb3 {[%emt 0:00:41]} Bc6 {[%emt 0:03:14]} 17. Ne5 {[%emt 0:00:29]} Ne4 {[%emt 0:10:41]} 18. Rxe4 {[%emt 0:09:38]} Bxe4 {[%emt 0:00:23]} 19. Re1 {[%emt 0:14:09]} Bd5 {[%emt 0:13:17]} 20. Bxd5 {[%emt 0:01:19]} exd5 {[%emt 0:00:06]} 21. Nd7 {[%emt 0:01:29]} Qxd4 {[%emt 0:00:06]} 22. Qxd4 {[%emt 0:00:27]} Bxd4 {[%emt 0:00:06]} 23. Nxf8 {[%emt 0:00:13]} Kxf8 {[%emt 0:00:51]} 24. Rd1 {[%emt 0:00:50]} Bxb2 {[%emt 0:00:35]} 25. Rxd5 {[%emt 0:00:48]} f6 {[%emt 0:01:43]} 26. Be3 {[%emt 0:00:24]} Rc7 {[%emt 0:04:04]} 27. g3 {[%emt 0:01:08]} b6 {[%emt 0:01:40]} 28. Bf4 {[%emt 0:00:27]} Rb7 {[%emt 0:00:15]} 29. Rd8+ {[%emt 0:00:53]} Ke7 {[%emt 0:00:35]} 30. Rc8 {[%emt 0:02:53]} Ke6 {[%emt 0:02:33]} 31. Kg2 {[%emt 0:00:17]} f5 {[%emt 0:01:23]} 32. Kf3 {[%emt 0:00:12]} Rd7 {[%emt 0:00:26]} 33. Ke2 {[%emt 0:01:43]} Bd4 {[%emt 0:01:40]} 34. h4 {[%emt 0:00:58]} Kd5 {[%emt 0:00:42]} 35. f3 {[%emt 0:00:22]} Bc5 {[%emt 0:00:56]} 36. Kd3 {[%emt 0:00:52]} Re7 {[%emt 0:02:19]} 37. a4 {[%emt 0:00:25]} a5 {[%emt 0:00:24]} 38. Rd8+ {[%emt 0:00:33]} Kc6 {[%emt 0:00:29]} 39. Kc4 {[%emt 0:00:19]} Bf2 {[%emt 0:00:49]} 40. Rd6+ {[%emt 0:01:21]} Kb7 {[%emt 0:00:23]} 41. Rd8 {[%emt 0:32:07]} Bc5 {[%emt 0:09:19]} 42. Kb5 {[%emt 0:00:00]} Bf2 {[%emt 0:03:09]} 43. Rb8+ {[%emt 0:00:00]} Ka7 {[%emt 0:00:10]} 44. Rd8 {[%emt 0:00:00]} Kb7 {[%emt 0:02:16]} 45. Rb8+ {[%emt 0:00:00]} Ka7 {[%emt 0:00:05]} 46. Rd8 {[%emt 0:00:00]} Kb7 {[%emt 0:00:06]} 1/2-1/2